| 000 | 00522nam a2200181Ia 4500 | ||
|---|---|---|---|
| 005 | 20250423094505.0 | ||
| 008 | 250422s9999 xx 000 0 und d | ||
| 020 | _a9783030177669 | ||
| 050 | _aQA 278 .C54/ | ||
| 100 | _aCleff, Thomas | ||
| 245 | 0 | _aApplied statistics and multivariate data analysis for business and economics: a modern approach using SPSS, stata, and excel | |
| 260 | _aSwitzerland | ||
| 260 | _bSpringer | ||
| 260 | _c2020 | ||
| 300 | _a474 p | ||
| 650 | _a Multivariate analysis. | ||
| 942 | _cBK | ||
| 999 |
_c27391 _d27391 |
||